000 00267nam a22001097a 4500
008 260424b |||||||| |||| 00| 0 eng d
082 _a001051
100 _aNarayanachar, K S
245 _aVanadalli Pandavaru
260 _aHubli
_bSahitya Prakashana
_c2014
942 _2ddc
999 _c1291
_d1291